[Event "Titled Tuesday intern op 18th Jul Early"]
[Site "Chess.com INT"]
[Date "2023.07.18"]
[Round "1"]
[White "Lopez Gracia, Fernando"]
[Black "Koshulyan, Egor A"]
[Result "0-1"]
[WhiteElo "2252"]
[BlackElo "2136"]
[PlyCount "90"]
[EventDate "2023.07.18"]
[EventType "swiss (blitz)"]
[EventRounds "11"]
[EventCountry "USA"]
[SourceTitle "EXT 2024"]
[Source "ChessBase"]
[SourceDate "2023.10.10"]
[SourceVersion "1"]
[SourceVersionDate "2023.10.10"]
[SourceQuality "1"]

1. c4 e6 2. Nf3 d5 3. g3 Nf6 4. Bg2 dxc4 5. Qa4+ Bd7 6. Qxc4 Bc6 7. 0-0 Nbd7 8. Nc3 Be7 9. e4 Nb6 10. Qe2 0-0 11. d4 Be8 12. Rd1 Qc8 13. Bf4 c5 14. Rac1 cxd4 15. Nxd4 Qc4 16. Qe1 Qb4 17. Rc2 Nc4 18. Bf1 e5 19. a3 Qc5 20. Nf5 exf4 21. Bxc4 fxg3 22. hxg3 Qxc4 23. Nxe7+ Kh8 24. Rcd2 Qe6 25. Nf5 Bc6 26. Rd6 Qe5 27. f3 Rae8 28. Qf2 Re6 29. Rxe6 Qxe6 30. Nd4 Qe5 31. Nxc6 bxc6 32. Kg2 h6 33. Qd4 Qg5 34. Rd2 Nh5 35. Qf2 Nf4+ 36. Kf1 Ne6 37. f4 Qh5 38. e5 Qh1+ 39. Ke2 Re8 40. Qf3 Qh2+ 41. Qf2 Qh5+ 42. Qf3 Qf5 43. g4 Nxf4+ 44. Kf2 Qxe5 45. Rd7 Qe1# 0-1

[Event "Titled Tuesday intern op 11th Jul Late"]
[Site "Chess.com INT"]
[Date "2023.07.11"]
[Round "5"]
[White "Lopez Gracia, Fernando"]
[Black "Karttunen, Mika"]
[Result "0-1"]
[WhiteElo "2252"]
[BlackElo "2490"]
[PlyCount "64"]
[EventDate "2023.07.11"]
[EventType "swiss (blitz)"]
[EventRounds "11"]
[EventCountry "USA"]
[SourceTitle "EXT 2024"]
[Source "ChessBase"]
[SourceDate "2023.10.10"]
[SourceVersion "1"]
[SourceVersionDate "2023.10.10"]
[SourceQuality "1"]

1. e4 c5 2. Nf3 d6 3. d4 cxd4 4. Nxd4 Nf6 5. Nc3 a6 6. Bd3 e5 7. Nde2 Be6 8. 0-0 Be7 9. Ng3 0-0 10. Nd5 Nbd7 11. c4 Nc5 12. Bc2 b5 13. cxb5 axb5 14. h3 Nxd5 15. exd5 Bd7 16. Nf5 Bxf5 17. Bxf5 g6 18. Bc2 Bf6 19. Be3 Na4 20. b3 Nc3 21. Qf3 e4 22. Qg3 Ne2+ 23. Kh2 Nxg3 24. fxg3 Bxa1 25. Rxa1 Qf6 26. Rd1 Rxa2 27. Bd4 Qe7 28. Bb1 Re2 29. Rc1 h5 30. h4 Qd7 31. Rc6 Rc8 32. Rb6 Qg4 0-1

[Event "Titled Tuesday intern op 27th Jun Early"]
[Site "Chess.com INT"]
[Date "2023.06.27"]
[Round "4"]
[White "Goltsev, Dmitry"]
[Black "Lopez Gracia, Fernando"]
[Result "0-1"]
[WhiteElo "2269"]
[BlackElo "2252"]
[PlyCount "88"]
[EventDate "2023.06.27"]
[EventType "swiss (blitz)"]
[EventRounds "11"]
[EventCountry "USA"]
[SourceTitle "EXT 2024"]
[Source "ChessBase"]
[SourceDate "2023.10.10"]
[SourceVersion "1"]
[SourceVersionDate "2023.10.10"]
[SourceQuality "1"]

1. e4 e5 2. Nf3 Nc6 3. Bb5 a6 4. Ba4 Nf6 5. 0-0 Bc5 6. Nxe5 Nxe5 7. d4 b5 8. Bb3 Bxd4 9. Qxd4 d6 10. c3 c5 11. Qd1 0-0 12. Bg5 Bb7 13. Nd2 h6 14. Bh4 Ng6 15. Bg3 Re8 16. f3 d5 17. Qc2 c4 18. Rae1 cxb3 19. axb3 dxe4 20. fxe4 Ng4 21. h3 Qb6+ 22. Kh1 Ne3 23. Qd3 Nxf1 24. Rxf1 Rad8 25. Qe2 Qe6 26. Re1 Ne5 27. Rf1 Nd3 28. Nf3 Qxe4 29. Qd2 Ne5 30. Nd4 Nc6 31. Qf2 Nxd4 32. Qxf7+ Kh8 33. Rf2 Ne6 34. Qh5 Rf8 35. Re2 Qd5 36. Qg6 Qd1+ 37. Re1 Qd2 38. Rg1 Nf4 39. Bxf4 Qxf4 40. Qb6 Qe4 41. b4 Rd1 42. Kh2 Rxg1 43. Qxg1 Qf4+ 44. Kh1 Qg3 0-1

[Event "Titled Tuesday intern op 02nd May Early"]
[Site "Chess.com INT"]
[Date "2023.05.02"]
[Round "6"]
[White "Lopez Gracia, Fernando"]
[Black "Gurevich, Dmitry"]
[Result "1/2-1/2"]
[WhiteElo "2252"]
[BlackElo "2393"]
[PlyCount "87"]
[EventDate "2023.05.02"]
[EventType "swiss (blitz)"]
[EventRounds "11"]
[EventCountry "USA"]
[SourceTitle "EXT 2024"]
[Source "ChessBase"]
[SourceDate "2023.10.10"]
[SourceVersion "1"]
[SourceVersionDate "2023.10.10"]
[SourceQuality "1"]

1. d4 Nf6 2. c4 a6 3. Nf3 c5 4. e3 e6 5. Nc3 d5 6. cxd5 exd5 7. Bd3 c4 8. Bc2 b5 9. a3 Bb7 10. 0-0 Bd6 11. e4 dxe4 12. Ng5 0-0 13. Ngxe4 Nxe4 14. Nxe4 Be7 15. Qh5 g6 16. Qh3 Nd7 17. Bh6 Re8 18. Rfe1 Rc8 19. Rad1 Bd5 20. Nc3 Nf6 21. Bg5 Bb7 22. Qh4 Rc7 23. h3 Nh5 24. Bxe7 Rcxe7 25. Rxe7 Rxe7 26. f3 Kg7 27. d5 Nf6 28. Qd4 Rd7 29. d6 Kg8 30. b3 Ne8 31. bxc4 Rxd6 32. Qc5 Rxd1+ 33. Nxd1 Qd2 34. Ne3 bxc4 35. Ba4 Nd6 36. Nf1 Qd3 37. Bc2 Qxc2 38. Qxd6 Kg7 39. Qd4+ Kh6 40. Qf4+ Kg7 41. Qe5+ Kh6 42. Qf4+ Kg7 43. Qd4+ Kh6 44. Qf4+ 1/2-1/2